00000000nam 2200000zi 4500
0019.928508
003CaOODSP
00520241122133857
006m     o  d f      
007cr |n|||||||||
008230919e201303##qucdb   ob   f|0| 0 fre d
040 |aCaOODSP|bfre|erda|cCaOODSP
041 |afre|bfre|beng
043 |an-cn-qu
0861 |aCW66-1366/2013F-PDF
1001 |aLabrecque, Sandra, |eauteur.
24510|aDynamique des habitats et des pressions périphériques dans les Réserves nationales de faune des Îles-de-la-Paix, des Îles-de-Contrecoeur, des Îles-de-l'Estuaire et de la Pointe-de-l'Est / |cSandra Labrecque et Benoît Jobin.
264 1|aQuébec (Québec) : |bEnvironnement Canada, Service canadien de la faune, Région du Québec, |cmars 2013.
300 |a1 ressource en ligne (xii, 81, [1] pages) : |bcartes, graphiques
336 |atexte|btxt|2rdacontent/fre
337 |ainformatique|bc|2rdamedia/fre
338 |aressource en ligne|bcr|2rdacarrier/fre
500 |aÉdition numérisée de l’imprimé [par Environnement et changement climatique Canada].
504 |aComprend des références bibliographiques (pages 79-81).
546 |aComprend un résumé en anglais.
650 6|aRefuges fauniques|zQuébec (Province)
650 0|aWildlife refuges|zQuébec (Province)
651 6|aRéserve nationale de faune des îles de l'estuaire (Québec)
651 6|aRéserve nationale de faune des îles de la Paix (Québec)
651 6|aRéserve nationale de faune des Îles-de-Contrecoeur (Québec)
651 6|aRéserve nationale de faune de la Pointe de l'Est (Québec)
7101 |aCanada. |bEnvironnement Canada, |eorganisme de publication.
7102 |aService canadien de la faune. |bRégion du Québec, |eorganisme de publication.
85640|qPDF|s3.84 Mo|uhttps://publications.gc.ca/collections/collection_2024/eccc/cw66/CW66-1366-2013-fra.pdf